| 000 | 00984cam a22002531 4500 | ||
|---|---|---|---|
| 001 | gs 30000311 | ||
| 003 | DLC | ||
| 005 | 20260227111335.0 | ||
| 008 | 810112s1930 sw af b 000 0 swe c | ||
| 010 | _ags 30000311 | ||
| 035 | _a(OCoLC)7056783 | ||
| 040 |
_aU.S. Geological Survey _cNIC _dDLC |
||
| 041 | 0 |
_aswe _beng |
|
| 042 | _apremarc | ||
| 050 | 0 | 0 |
_aQE282 _b.A3 Ser.Ca no. 23 |
| 100 | 1 |
_aMagnusson, Nils H. _q(Nils Harald), _d1890- |
|
| 245 | 0 | 0 |
_aLängbans malmtrakt; _bgeologisk beskrivning _caf Nils H. Magnusson. Summary: The iron and manganese ores of the Langban district. |
| 260 |
_aStockholm, _bKungl. boktryckeriet, P. A. Norstedt & söner, _c1930. |
||
| 300 |
_a111 p. _bincl. illus., tables, diagrs. 5 fold. col. pl. _c31 cm. |
||
| 490 | 0 |
_a[Sweden] Sveriges geologiska undersökning. Ser. Ca. Avhandlingar och uppsatser i 4:o, _vno. 23 |
|
| 504 | _a"Litteraturförteckning": p. 101-104. | ||
| 650 | 0 |
_aIron ores _zSweden. |
|
| 650 | 0 |
_aManganese ores _zSweden. |
|
| 999 |
_c26832 _d26832 |
||